[Event "Sharjah Masters 2nd"]
[Site "Sharjah"]
[Date "2018.04.19"]
[Round "9"]
[White "Sundararajan, Kidambi"]
[Black "Abou El Zein, Eid Mahmoud"]
[Result "1-0"]
[WhiteElo "2436"]
[BlackElo "2156"]
[PlyCount "121"]
[EventDate "2018.04.12"]
[EventType "swiss"]
[EventRounds "9"]
[EventCountry "UAE"]
[SourceTitle "CBM 184 Extra"]
[Source "ChessBase"]
[SourceDate "2018.06.28"]
[SourceVersion "1"]
[SourceVersionDate "2018.06.28"]
[SourceQuality "1"]

1. d4 f5 2. Nf3 Nf6 3. e3 g6 4. b4 Bg7 5. Bb2 0-0 6. Nbd2 e6 7. Bd3 Qe7 8. a3 b6 9. c4 Bb7 10. Qc2 d6 11. 0-0 Nbd7 12. Rfe1 e5 13. e4 f4 14. c5 bxc5 15. bxc5 Rab8 16. Rab1 dxc5 17. dxe5 Ng4 18. e6 Nde5 19. Nxe5 Nxe5 20. Bxe5 Bxe5 21. Nf3 Bg7 22. Rb5 Rfd8 23. Bf1 c6 24. Qxc5 Kf8 25. Qxe7+ Kxe7 26. Rc5 Kxe6 27. e5 Ke7 28. Ra5 a6 29. Rb1 c5 30. Rxc5 Bxf3 31. Rxb8 Rxb8 32. gxf3 Rb1 33. Rc7+ Kf8 34. e6 Re1 35. Rf7+ Kg8 36. Rxf4 Bf8 37. Kg2 Bxa3 38. Bxa6 Kg7 39. Bc4 Kh6 40. Rf7 Rc1 41. Bb5 Re1 42. Bd7 Bc5 43. f4 Re2 44. Kg3 Re1 45. Kf3 Bd6 46. h4 Bc5 47. f5 gxf5 48. Rf6+ Kg7 49. Rxf5 Bb4 50. Kg4 Re4+ 51. Kh5 Bd6 52. f3 Re1 53. Rf7+ Kg8 54. f4 Re4 55. Kg5 Bb4 56. h5 Bc5 57. h6 Re1 58. Rg7+ Kh8 59. Kf6 Re4 60. Rg4 Bf8 61. Kf7 1-0

[Event "Dubai op 20th"]
[Site "Dubai"]
[Date "2018.04.09"]
[Round "8"]
[White "Tissir, Mohamed"]
[Black "Abou El Zein, Eid Mahmoud"]
[Result "1-0"]
[WhiteElo "2381"]
[BlackElo "2156"]
[PlyCount "103"]
[EventDate "2018.04.02"]
[EventType "swiss"]
[EventRounds "9"]
[EventCountry "UAE"]
[SourceTitle "CBM 183 Extra"]
[Source "ChessBase"]
[SourceDate "2018.04.19"]
[SourceVersion "1"]
[SourceVersionDate "2018.04.19"]
[SourceQuality "1"]

1. e4 c5 2. Nc3 Nc6 3. Bb5 g6 4. Bxc6 bxc6 5. d3 Bg7 6. Nge2 d6 7. Be3 Nf6 8. h3 0-0 9. 0-0 e5 10. Qd2 Ne8 11. Bh6 Nc7 12. Bxg7 Kxg7 13. f4 exf4 14. Nxf4 Ne6 15. Qe3 Nd4 16. Rf2 Rb8 17. b3 Qe7 18. Qg3 Qe5 19. Raf1 Bd7 20. Nd1 f6 21. Ne3 Be6 22. Kh1 Rbe8 23. Nxe6+ Rxe6 24. Qh4 d5 25. c3 Nb5 26. c4 Nc7 27. Ng4 Qd4 28. e5 f5 29. Qh6+ Kg8 30. Nf6+ Rfxf6 31. exf6 Rxf6 32. Re2 Re6 33. Rfe1 Qf6 34. Qf4 Rxe2 35. Rxe2 Qd8 36. Qe5 Kf7 37. Re1 h5 38. Qe3 Qd6 39. d4 Ne6 40. dxc5 Nxc5 41. Qe8+ Kf6 42. cxd5 cxd5 43. Qh8+ Kg5 44. Qe5 Qf8 45. Qxd5 Kh6 46. Qd2+ Kh7 47. Rc1 Ne4 48. Rc7+ Kh8 49. Qd7 Nf6 50. Qe6 Ng8 51. Qxg6 Nf6 52. Rf7 1-0

[Event "Alexandria op 22nd"]
[Site "Alexandria"]
[Date "2017.08.02"]
[Round "1"]
[White "Abou El Zein, Eid Mahmoud"]
[Black "Ashraf, Yusef"]
[Result "1-0"]
[WhiteElo "2176"]
[BlackElo "1849"]
[PlyCount "61"]
[EventDate "2017.08.02"]
[EventType "swiss"]
[EventRounds "10"]
[EventCountry "EGY"]
[SourceTitle "CBM 180 Extra"]
[Source "ChessBase"]
[SourceDate "2017.10.06"]
[SourceVersion "1"]
[SourceVersionDate "2017.10.06"]
[SourceQuality "1"]

1. d4 d5 2. c4 e6 3. Nc3 Nf6 4. Nf3 Be7 5. Bg5 Nbd7 6. e3 b6 7. cxd5 exd5 8. Bd3 Bb7 9. Qc2 c5 10. 0-0 h6 11. Bh4 0-0 12. Rfd1 cxd4 13. exd4 Re8 14. Qb3 Rc8 15. Bf5 g6 16. Bxf6 Bxf6 17. Bh3 Rc4 18. Nb5 Nf8 19. Ne5 Bxe5 20. dxe5 Qh4 21. Nd6 Rb4 22. Qc3 Re7 23. g3 Qxh3 24. Qxb4 Ba8 25. f4 Ne6 26. Rac1 Nc5 27. Rxc5 bxc5 28. Qb8+ Kh7 29. Qxa8 d4 30. Qf8 Qg4 31. Rd2 1-0

[Event "Cairo Egyptian op"]
[Site "Cairo"]
[Date "2016.04.26"]
[Round "7"]
[White "Abou El Zein, Eid Mahmoud"]
[Black "L'Ami, Alina"]
[Result "1-0"]
[WhiteElo "2150"]
[BlackElo "2348"]
[PlyCount "54"]
[EventDate "2016.04.22"]
[EventType "swiss"]
[EventRounds "9"]
[EventCountry "EGY"]
[SourceTitle "CBM 172 Extra"]
[Source "ChessBase"]
[SourceDate "2016.06.21"]
[SourceVersion "1"]
[SourceVersionDate "2016.06.21"]
[SourceQuality "1"]

1. c4 Nf6 2. Nc3 g6 3. g3 Bg7 4. Bg2 0-0 5. e3 e5 6. Nge2 d6 7. 0-0 c6 8. d4 Qe7 9. b3 e4 10. h3 h5 11. Ba3 Bf5 12. Qd2 Nh7 13. g4 hxg4 14. hxg4 Bxg4 15. Nxe4 Rd8 16. f4 f5 17. N4g3 Nf6 18. Rae1 Ne4 19. Nxe4 fxe4 20. Ng3 Bf5 21. Kf2 c5 22. Bb2 Nc6 23. Rh1 Nb4 24. Nxf5 gxf5 25. Rh5 Bf6 26. d5 Bh4+ 27. Kg1 Kf7 1-0

[Event "Dubai op 17th"]
[Site "Dubai"]
[Date "2015.04.13"]
[Round "8"]
[White "Pourramezanali, Amirreza"]
[Black "Abou El Zein, Eid Mahmoud"]
[Result "1-0"]
[WhiteElo "2432"]
[BlackElo "2191"]
[PlyCount "85"]
[EventDate "2015.04.06"]
[EventType "swiss"]
[EventRounds "9"]
[EventCountry "UAE"]
[SourceTitle "CBM 165 Extra"]
[Source "ChessBase"]
[SourceDate "2015.04.21"]
[SourceVersion "1"]
[SourceVersionDate "2015.04.21"]
[SourceQuality "1"]

1. d4 Nf6 2. Nf3 c5 3. c3 g6 4. Bf4 Bg7 5. e3 0-0 6. Nbd2 cxd4 7. exd4 d6 8. Be2 Nc6 9. 0-0 h6 10. h3 Re8 11. Bh2 Bd7 12. a4 Rc8 13. Re1 Be6 14. Bd3 Qd7 15. a5 Bf5 16. Bf1 Qc7 17. a6 b6 18. Nc4 g5 19. d5 Nb8 20. Nd4 Bd7 21. Ne3 Qc5 22. Ndf5 Bf8 23. Qf3 Bxf5 24. Qxf5 Nbd7 25. Rad1 Bg7 26. h4 gxh4 27. Rd4 Nf8 28. Rc4 e6 29. Rxc5 exf5 30. Rxc8 Rxc8 31. Nxf5 Ng6 32. Nxd6 Rd8 33. c4 Ng4 34. Nb7 Rd7 35. Bb8 Bd4 36. Re2 Ne7 37. Bxa7 Nf5 38. Rd2 Re7 39. Rxd4 Nxd4 40. Bxb6 Ne2+ 41. Bxe2 Rxe2 42. Kf1 Rxb2 43. a7 1-0

[Event "Dubai op 17th"]
[Site "Dubai"]
[Date "2015.04.08"]
[Round "3"]
[White "Abou El Zein, Eid Mahmoud"]
[Black "Safarli, Eltaj"]
[Result "0-1"]
[WhiteElo "2191"]
[BlackElo "2641"]
[PlyCount "58"]
[EventDate "2015.04.06"]
[EventType "swiss"]
[EventRounds "9"]
[EventCountry "UAE"]
[SourceTitle "CBM 165 Extra"]
[Source "ChessBase"]
[SourceDate "2015.04.21"]
[SourceVersion "1"]
[SourceVersionDate "2015.04.21"]
[SourceQuality "1"]

1. d4 Nf6 2. c4 g6 3. Nc3 d5 4. Bg5 Ne4 5. Nxe4 dxe4 6. Qd2 Bg7 7. e3 c5 8. d5 Qb6 9. 0-0-0 Nd7 10. Ne2 Ne5 11. Nc3 Bg4 12. Re1 Bf5 13. Be2 Qa6 14. Kb1 h6 15. Bh4 g5 16. Bg3 Rd8 17. Rd1 0-0 18. Qc2 e6 19. Ka1 Nd3 20. Bxd3 exd3 21. Qb3 exd5 22. cxd5 c4 23. Qb4 Rfe8 24. d6 Qc6 25. f3 Rxe3 26. Qa5 Qd7 27. Nd5 b6 28. Ne7+ Rxe7 29. dxe7 bxa5 0-1

[Event "Cairo Masters op"]
[Site "Cairo"]
[Date "2014.02.24"]
[Round "6"]
[White "Ezat, Mohamed Mahmoud"]
[Black "Abou El Zein, Eid Mahmoud"]
[Result "1-0"]
[WhiteElo "2442"]
[BlackElo "2207"]
[PlyCount "85"]
[EventDate "2014.02.20"]
[EventType "swiss"]
[EventRounds "9"]
[EventCountry "EGY"]
[SourceTitle "EXT 2015"]
[Source "ChessBase"]
[SourceDate "2014.11.20"]
[SourceVersion "1"]
[SourceVersionDate "2014.11.20"]
[SourceQuality "1"]

1. d4 d5 2. c4 e6 3. Nf3 Nf6 4. g3 dxc4 5. Bg2 Nbd7 6. 0-0 c6 7. a4 Nd5 8. a5 b5 9. axb6 N7xb6 10. Bd2 Bb7 11. Ba5 Qc8 12. Nbd2 Ba6 13. Re1 Bb5 14. Ne5 Bd6 15. e4 Nb4 16. Bf1 Nd3 17. Nxd3 cxd3 18. Qf3 0-0 19. Bxd3 Bxd3 20. Qxd3 Qd7 21. Qa6 Bc7 22. Nb3 Rfb8 23. Red1 h5 24. Nc5 Qe8 25. Qe2 h4 26. Rac1 Rd8 27. Na6 Rac8 28. Rxc6 hxg3 29. hxg3 Bd6 30. Rxc8 Rxc8 31. e5 Bb8 32. Bb4 Qd7 33. Nc5 Qc6 34. Ne4 Nd5 35. Bc5 Qa4 36. Kg2 Qc6 37. Qf3 Bc7 38. b4 Bb6 39. Rh1 Bxc5 40. bxc5 Rb8 41. Qh5 f6 42. Qh8+ Kf7 43. Nd6+ 1-0

[Event "EGY-ch"]
[Site "Cairo"]
[Date "2013.04.02"]
[Round "8"]
[White "El Ghazali, Youssef M"]
[Black "Abou El Zein, Eid Mahmoud"]
[Result "1/2-1/2"]
[WhiteElo "2261"]
[BlackElo "2237"]
[PlyCount "118"]
[EventDate "2013.03.26"]
[EventType "swiss"]
[EventRounds "9"]
[EventCountry "EGY"]
[SourceTitle "CBM 153 Extra"]
[Source "ChessBase"]
[SourceDate "2013.04.22"]
[SourceVersion "1"]
[SourceVersionDate "2013.04.22"]
[SourceQuality "1"]

1. c4 e6 2. Nf3 Nf6 3. Qc2 d5 4. e3 c5 5. d4 cxd4 6. exd4 dxc4 7. Bxc4 Be7 8. 0-0 0-0 9. Nc3 a6 10. Rd1 b5 11. Bd3 Bb7 12. Ne4 Nbd7 13. Ne5 Rc8 14. Qe2 Nxe4 15. Nxd7 Qxd7 16. Bxe4 Bxe4 17. Qxe4 Rfd8 18. Be3 f5 19. Qd3 Bf6 20. a4 Qd5 21. axb5 axb5 22. Qe2 b4 23. g3 b3 24. Rac1 g6 25. h4 Kf7 26. Qa6 Rc2 27. Qa4 Ra8 28. Qb4 Be7 29. Qe1 Ra2 30. Rxc2 bxc2 31. Rc1 Qb3 32. d5 Rxb2 33. dxe6+ Qxe6 34. Qc3 Qa2 35. Qh8 Ke6 36. Qxh7 Kd7 37. Bg5 Qe6 38. Qxe7+ Qxe7 39. Bxe7 Kxe7 40. Kg2 Kd6 41. Kf3 Kd5 42. Ke3 Kc4 43. Kd2 Kb3 44. f3 Ra2 45. g4 f4 46. g5 Rb2 47. h5 gxh5 48. g6 Ra2 49. g7 Ra8 50. Rxc2 Rd8+ 51. Kc1 Rg8 52. Rc7 h4 53. Kd2 h3 54. Rc3+ Kb4 55. Kd3 Rd8+ 56. Kc2 Rg8 57. Kd3 h2 58. Rc1 Rxg7 59. Rh1 Rg2 1/2-1/2

[Event "EGY-ch"]
[Site "Cairo"]
[Date "2013.03.28"]
[Round "3"]
[White "Ezat, Mohamed Mahmoud"]
[Black "Abou El Zein, Eid Mahmoud"]
[Result "1-0"]
[WhiteElo "2461"]
[BlackElo "2237"]
[PlyCount "63"]
[EventDate "2013.03.26"]
[EventType "swiss"]
[EventRounds "9"]
[EventCountry "EGY"]
[SourceTitle "CBM 153 Extra"]
[Source "ChessBase"]
[SourceDate "2013.04.22"]
[SourceVersion "1"]
[SourceVersionDate "2013.04.22"]
[SourceQuality "1"]

1. d4 d5 2. c4 e6 3. Nc3 Bb4 4. e3 Nf6 5. a3 Bxc3+ 6. bxc3 0-0 7. cxd5 exd5 8. f3 c5 9. Bd3 b6 10. Ne2 Re8 11. 0-0 Ba6 12. Ng3 Bxd3 13. Qxd3 Nc6 14. Bb2 c4 15. Qd2 h5 16. Rae1 g6 17. Qc2 Qd7 18. e4 h4 19. Nh1 h3 20. g3 Kg7 21. e5 Nh7 22. Bc1 Rh8 23. Nf2 Rae8 24. g4 f5 25. gxf5 gxf5 26. Nxh3 Qf7 27. Kh1 Kf8 28. Rg1 Ke7 29. Nf4 Kd8 30. e6 Qf6 31. Qa4 Ng5 32. Qxc6 1-0

[Event "EGY-ch"]
[Site "Cairo"]
[Date "2013.03.27"]
[Round "2"]
[White "Abou El Zein, Eid Mahmoud"]
[Black "Kandil, Adham"]
[Result "1-0"]
[WhiteElo "2237"]
[BlackElo "1759"]
[PlyCount "99"]
[EventDate "2013.03.26"]
[EventType "swiss"]
[EventRounds "9"]
[EventCountry "EGY"]
[SourceTitle "CBM 153 Extra"]
[Source "ChessBase"]
[SourceDate "2013.04.22"]
[SourceVersion "1"]
[SourceVersionDate "2013.04.22"]
[SourceQuality "1"]

1. d4 c5 2. Nf3 cxd4 3. Nxd4 e5 4. Nb5 d5 5. Qxd5 Nc6 6. Qxd8+ Kxd8 7. Be3 Nb4 8. N1a3 Bf5 9. 0-0-0+ Ke7 10. Bc5+ Kf6 11. Bxb4 Bxb4 12. Nc7 Bxa3 13. Nxa8 Bc5 14. e4 Bxe4 15. f3 Bc6 16. Nc7 Ne7 17. Nb5 Nd5 18. c4 Ne3 19. Re1 Rc8 20. b4 Bxb5 21. bxc5 Nxc4 22. Bxc4 Rxc5 23. Kb2 Bxc4 24. Rc1 Rb5+ 25. Ka1 Bd5 26. Rhe1 Bc6 27. Rcd1 Ke7 28. Rd4 f5 29. Rh4 h6 30. f4 e4 31. g4 Kf6 32. gxf5 Kxf5 33. Rg1 e3 34. Re1 Rb4 35. Rxe3 Rxf4 36. Rh5+ Kg6 37. Rc5 Rf1+ 38. Kb2 Rf2+ 39. Rc2 Rxc2+ 40. Kxc2 Kf5 41. Kd3 g5 42. Re7 Kg4 43. Ke3 Kh3 44. Rh7 Kxh2 45. Rxh6+ Kg3 46. Rg6 g4 47. Rg7 Bd5 48. a4 Kh4 49. Kf4 Kh5 50. Rxg4 1-0

[Event "Aswan op 3rd"]
[Site "Aswan"]
[Date "2012.12.05"]
[Round "4"]
[White "Abou El Zein, Eid Mahmoud"]
[Black "Elgabry, Mohsen"]
[Result "0-1"]
[WhiteElo "2271"]
[BlackElo "2365"]
[PlyCount "80"]
[EventDate "2012.12.02"]
[EventType "swiss"]
[EventRounds "9"]
[EventCountry "EGY"]
[SourceTitle "EXT 2014"]
[Source "ChessBase"]
[SourceDate "2013.11.20"]
[SourceVersion "1"]
[SourceVersionDate "2013.11.20"]
[SourceQuality "1"]

1. d4 Nf6 2. c4 c5 3. d5 e5 4. Nc3 d6 5. e4 Be7 6. Nf3 0-0 7. Be2 Ne8 8. 0-0 a6 9. Be3 g6 10. Bh6 Ng7 11. Qd2 f5 12. exf5 gxf5 13. Ng5 Rf6 14. Bxg7 Kxg7 15. f4 Rg6 16. Nh3 e4 17. Kh1 Bf6 18. Nd1 Bd4 19. Ne3 Qf6 20. Rab1 b5 21. g3 bxc4 22. Bxc4 Nd7 23. b3 Nb6 24. Rfd1 a5 25. a4 Kh8 26. Nc2 Bc3 27. Qe3 Bd7 28. Be2 Rag8 29. Ng5 Rxg5 30. fxg5 Rxg5 31. Na3 Bd4 32. Qd2 Nxd5 33. Bb5 Be6 34. Bc4 f4 35. gxf4 Nxf4 36. Bxe6 e3 37. Qxa5 Qxe6 38. Rxd4 cxd4 39. Qa8+ Rg8 40. Qf3 Nh3 0-1

[Event "EGY-ch final"]
[Site "Cairo"]
[Date "2007.12.04"]
[Round "4"]
[White "Abou El Zein, Eid Mahmoud"]
[Black "Elsayed, Moustafa"]
[Result "1/2-1/2"]
[WhiteElo "2320"]
[BlackElo "2221"]
[PlyCount "130"]
[EventDate "2007.12.01"]
[EventType "swiss"]
[EventRounds "9"]
[EventCountry "EGY"]
[SourceTitle "EXT 2019"]
[Source "ChessBase"]
[SourceDate "2018.10.10"]
[SourceVersion "1"]
[SourceVersionDate "2018.10.10"]
[SourceQuality "1"]

1. d4 Nf6 2. c4 g6 3. Nc3 Bg7 4. e4 d6 5. Nf3 0-0 6. Be2 Na6 7. h3 c5 8. d5 Nc7 9. Bf4 a6 10. a4 b6 11. 0-0 Nd7 12. Bd3 Ne5 13. Nxe5 dxe5 14. Be3 a5 15. Qd2 Bd7 16. Bh6 f6 17. Ne2 Ne8 18. Bxg7 Nxg7 19. f4 exf4 20. Nxf4 e5 21. Ne2 f5 22. b3 f4 23. Kh2 Nh5 24. Qe1 Qg5 25. Qf2 Rf6 26. Ng1 Ng3 27. Rfe1 Re8 28. Rad1 Qh6 29. Ne2 Nxe2 30. Bxe2 g5 31. Kg1 Qg6 32. Bg4 Qf7 33. Qf3 Bxg4 34. hxg4 Rd6 35. Kf2 h5 36. gxh5 Qd7 37. g4 fxg3+ 38. Qxg3 Rf8+ 39. Ke2 Rf4 40. Qxg5+ Kh7 41. Rg1 Rxe4+ 42. Kd3 Rd4+ 43. Kc2 Qf7 44. Rdf1 Rf4 45. Rxf4 exf4 46. Kd3 Rf6 47. Qg6+ Qxg6+ 48. hxg6+ Kg7 49. Ke2 Rxg6 50. Rxg6+ Kxg6 51. Kf3 Kf5 52. d6 Ke6 53. Ke4 Kxd6 54. Kxf4 Kd7 55. Kf5 Kd6 56. Kf6 Kd7 57. Kf7 Kd6 58. Ke8 Ke5 59. Kd7 Kd4 60. Kc6 Kc3 61. Kxb6 Kxb3 62. Kxc5 Kxa4 63. Kb6 Kb3 64. c5 a4 65. c6 a3 1/2-1/2

[Event "Golden Cleopatra op 6th"]
[Site "Cairo"]
[Date "2002.04.15"]
[Round "9"]
[White "Abou El Zein, Eid Mahmoud"]
[Black "Ahmed, Esam Aly"]
[Result "0-1"]
[WhiteElo "2333"]
[BlackElo "2382"]
[PlyCount "92"]
[EventDate "2002.04.07"]
[EventType "swiss"]
[EventRounds "11"]
[EventCountry "EGY"]
[SourceTitle "CBM 087 Extra"]
[Source "ChessBase"]
[SourceDate "2002.05.03"]
[SourceVersion "2"]
[SourceVersionDate "2002.08.09"]
[SourceQuality "1"]

1. d4 Nf6 2. Nf3 e6 3. c4 b6 4. g3 Ba6 5. b3 Bb4+ 6. Bd2 Be7 7. Bg2 d5 8. 0-0 c6 9. Ne5 Nfd7 10. Nxd7 Nxd7 11. Bc3 Rc8 12. Nd2 0-0 13. e4 b5 14. Re1 dxe4 15. Bxe4 bxc4 16. bxc4 Nb6 17. Qh5 g6 18. Qa5 Bxc4 19. Nxc4 Nxc4 20. Qa6 Nd6 21. Bg2 Nb5 22. Ba5 Qd7 23. Rab1 Nxd4 24. Rb7 Qd6 25. Bd2 e5 26. Qxa7 Ra8 27. Qb6 Rxa2 28. Bh6 Rfa8 29. Rxe7 Re2 30. Rb1 Qxe7 31. Bxc6 Rd8 32. Bg2 Nf5 33. Qa6 Rxf2 34. Kxf2 Qc5+ 35. Kf1 Nxh6 36. Qe2 Nf5 37. Re1 f6 38. Be4 Nd4 39. Qa2+ Kg7 40. Rb1 Rd7 41. Rb8 Qc1+ 42. Kg2 Nb3 43. Qa8 Rd2+ 44. Kh3 Qf1+ 45. Bg2 Qf5+ 46. g4 Rd3+ 0-1

[Event "Golden Cleopatra op 5th"]
[Site "Cairo"]
[Date "2001.05.04"]
[Round "3"]
[White "Abou El Zein, Eid Mahmoud"]
[Black "Radulov, Ivan"]
[Result "0-1"]
[WhiteElo "2330"]
[BlackElo "2390"]
[PlyCount "70"]
[EventDate "2001.05.02"]
[EventType "swiss"]
[EventRounds "10"]
[EventCountry "EGY"]
[SourceTitle "CBM 082 Extra"]
[Source "ChessBase"]
[SourceDate "2001.07.03"]
[SourceVersion "1"]
[SourceVersionDate "2001.07.03"]
[SourceQuality "1"]

1. d4 d6 2. Nf3 Bg4 3. Nbd2 c6 4. h3 Bh5 5. g4 Bg6 6. Nh4 e5 7. Nxg6 hxg6 8. c3 Nd7 9. Bg2 Ngf6 10. Qb3 Qc7 11. e4 Be7 12. Nc4 0-0 13. 0-0 exd4 14. cxd4 Nxe4 15. Bf4 Ng5 16. Rfe1 Ne6 17. Bg3 b5 18. Nd2 Nxd4 19. Qd3 Ne6 20. Rac1 Ndc5 21. Qe3 Bg5 22. f4 Bf6 23. Nf3 Rfe8 24. b4 Nf8 25. Qxe8 Rxe8 26. Rxe8 Nce6 27. f5 gxf5 28. gxf5 Qd7 29. Ra8 Nd8 30. Bf2 Qxf5 31. Bxa7 Kh7 32. Be3 Ng6 33. Nd2 Qd3 34. Nf1 Ne6 35. Bxc6 Nd4 0-1

[Event "Tanta op 4th"]
[Site "Tanta"]
[Date "2001.04.25"]
[Round "7"]
[White "Loeffler, Stefan"]
[Black "Abou El Zein, Eid Mahmoud"]
[Result "0-1"]
[WhiteElo "2413"]
[BlackElo "2330"]
[PlyCount "106"]
[EventDate "2001.04.18"]
[EventType "swiss"]
[EventRounds "9"]
[EventCountry "EGY"]
[SourceTitle "CBM 082 Extra"]
[Source "ChessBase"]
[SourceDate "2001.07.03"]
[SourceVersion "1"]
[SourceVersionDate "2001.07.03"]
[SourceQuality "1"]

1. d4 d5 2. c4 c6 3. Nf3 Nf6 4. e3 a6 5. Bd3 e6 6. b3 Nbd7 7. 0-0 b5 8. Nbd2 Bb7 9. Qe2 Be7 10. Re1 Bb4 11. Rd1 0-0 12. e4 Re8 13. e5 Nh5 14. Nf1 g6 15. c5 Ba5 16. Bg5 Qc8 17. g4 Ng7 18. Qe3 Bd8 19. Ng3 Bxg5 20. Qxg5 Qd8 21. Qh6 f6 22. Re1 Nf8 23. exf6 Qxf6 24. Ne5 Re7 25. Re3 Ne8 26. Rae1 b4 27. Rf3 Qg7 28. Qf4 a5 29. g5 Nc7 30. h4 Nd7 31. Ng4 e5 32. dxe5 Ne6 33. Qd2 Ndxc5 34. Bb1 Nd7 35. h5 gxh5 36. Nf6+ Kh8 37. Rf5 c5 38. Nfxh5 Qg8 39. Nf6 Qd8 40. g6 Nd4 41. Qg5 Rg7 42. Re3 Nf8 43. Nxh7 Nxf5 44. Qxf5 Nxh7 45. gxh7 d4 46. Re1 Qh4 47. Kf1 Ba6+ 48. Kg2 Bb7+ 49. Kf1 Qe7 50. Kg1 Rf8 51. Qh3 Rf4 52. Kf1 Qg5 53. e6 Rxf2+ 0-1

[Event "Tanta op 4th"]
[Site "Tanta"]
[Date "2001.04.23"]
[Round "5"]
[White "Abou El Zein, Eid Mahmoud"]
[Black "Amin, Bassem"]
[Result "1-0"]
[WhiteElo "2330"]
[BlackElo "2133"]
[PlyCount "89"]
[EventDate "2001.04.18"]
[EventType "swiss"]
[EventRounds "9"]
[EventCountry "EGY"]
[SourceTitle "CBM 082 Extra"]
[Source "ChessBase"]
[SourceDate "2001.07.03"]
[SourceVersion "1"]
[SourceVersionDate "2001.07.03"]
[SourceQuality "1"]

1. d4 e6 2. Nf3 f5 3. Nc3 Nf6 4. Bg5 Bb4 5. a3 Bxc3+ 6. bxc3 0-0 7. e3 b6 8. Bd3 Bb7 9. 0-0 d6 10. Nd2 Nbd7 11. f3 h6 12. Bh4 Qe8 13. e4 g5 14. Bf2 f4 15. e5 dxe5 16. Re1 exd4 17. cxd4 Qf7 18. c4 Rfe8 19. Qb1 Nf8 20. a4 Qg7 21. Ne4 Nxe4 22. Bxe4 Bxe4 23. Qxe4 a5 24. Rab1 Rad8 25. Rb5 Nd7 26. h4 Qh7 27. Qc6 Nb8 28. Qb7 Qg7 29. hxg5 hxg5 30. Ree5 c5 31. Qxg7+ Kxg7 32. Rxg5+ Kh6 33. Rg4 cxd4 34. Rxf4 d3 35. Be3 Kg6 36. Bd2 Rd6 37. Rg4+ Kf7 38. Rh5 Rf8 39. Rf4+ Ke8 40. Rxf8+ Kxf8 41. Rh8+ Kf7 42. Rxb8 Rc6 43. Kf2 Rxc4 44. Rxb6 Rxa4 45. Ke3 1-0

[Event "Tanta op 4th"]
[Site "Tanta"]
[Date "2001.04.19"]
[Round "2"]
[White "Ghonimy, Soltan"]
[Black "Abou El Zein, Eid Mahmoud"]
[Result "0-1"]
[WhiteElo "2256"]
[BlackElo "2330"]
[PlyCount "114"]
[EventDate "2001.04.18"]
[EventType "swiss"]
[EventRounds "9"]
[EventCountry "EGY"]
[SourceTitle "CBM 082 Extra"]
[Source "ChessBase"]
[SourceDate "2001.07.03"]
[SourceVersion "1"]
[SourceVersionDate "2001.07.03"]
[SourceQuality "1"]

1. d4 d5 2. c4 e6 3. Nc3 Nf6 4. cxd5 exd5 5. Bg5 Be7 6. e3 h6 7. Bh4 0-0 8. Bd3 b6 9. Nf3 Bb7 10. 0-0 Nbd7 11. Ne5 Nxe5 12. dxe5 Nd7 13. Bg3 Bb4 14. Ne2 Re8 15. f4 Bf8 16. Nd4 Nc5 17. Bb5 Ne4 18. Qg4 c5 19. Bh4 Qb8 20. Nf5 Re6 21. Bf6 Nxf6 22. Nxh6+ Kh7 23. exf6 gxh6 24. Bd3+ Re4 25. Qd7 Kg6 26. g4 Qc8 27. Bxe4+ dxe4 28. Qd1 Kxf6 29. g5+ Kg6 30. Rf2 Qf5 31. Rg2 h5 32. Rd2 Ba6 33. Rd5 Qg4+ 34. Qxg4 hxg4 35. Kf2 Bg7 36. Kg3 Be2 37. h4 gxh3 38. Rh1 Rh8 39. b3 f6 40. Rxh3 Rxh3+ 41. Kxh3 fxg5 42. Rxg5+ Kf7 43. Rd5 Ke6 44. Rd8 Bc3 45. a4 Bd3 46. Ra8 Bc2 47. Rxa7 Bxb3 48. Rb7 Ba5 49. Kg4 c4 50. f5+ Kf6 51. Kf4 c3 52. Kxe4 Bc2+ 53. Kd4 Bxf5 54. Rc7 Bc2 55. Rc6+ Ke7 56. Rxb6 Bxb6+ 57. Kxc3 Bxa4 0-1